书目信息 |
| 题名: |
于永正经典课例评析
|
|
| 作者: | 魏本亚 主编 | |
| 分册: | 高年级阅读教学卷 | |
| 出版信息: | 北京 语文出版社 2016.07 |
|
| 页数: | 20, 329页 | |
| 开本: | 24cm | |
| 丛书名: | 真语文书系 | |
| 单 册: | ||
| 中图分类: | G623.202 , G623.232 | |
| 科图分类: | ||
| 主题词: | 教案(教育)--小学 , 阅读课--教案(教育)--小学 | |
| 电子资源: | ||
| ISBN: | 978-7-5187-0330-2 | |
| 000 | 01115oam2 2200325 450 | |
| 001 | 0103152647 | |
| 005 | 20201103152730.0 | |
| 010 | @a978-7-5187-0330-2@dCNY39.00 | |
| 100 | @a20181129e20192016em y0chiy50 ea | |
| 101 | 0 | @achi |
| 102 | @aCN@b110000 | |
| 105 | @ay z 000yy | |
| 106 | @ar | |
| 200 | 1 | @a于永正经典课例评析@Ayu yong zheng jing dian ke li ping xi@i高年级阅读教学卷@f魏本亚[等]著 |
| 210 | @a北京@c语文出版社@d2016.07@h2019.05 | |
| 215 | @a20, 329页@d24cm | |
| 225 | 2 | @a真语文书系 |
| 225 | 2 | @a真语文系列丛书@f王旭明主编 |
| 300 | @a国家宣传文化发展专项资金项目 | |
| 304 | @a主编者还有:刘文琪、刘春、查晓红 | |
| 330 | @a本书包括《海洋——21世纪的希望》课堂实录与评析、《高粱情》课堂实录与评析、《高尔基和他的儿子》课堂实录与评析、《林冲棒打洪教头》课堂实录与评析等内容。 | |
| 461 | 0 | @12001 @a真语文书系 |
| 461 | 0 | @12001 @a真语文系列丛书 |
| 606 | 0 | @a教案(教育)@x小学 |
| 606 | 0 | @a阅读课@x教案(教育)@x小学 |
| 690 | @aG623.202@v5 | |
| 690 | @aG623.232@v5 | |
| 701 | 0 | @a魏本亚@Awei ben ya@4主编 |
| 801 | 0 | @aCN@bBJSZM@c20201103 |
| 905 | @b1256016-20@dG623.202@e1038@f5 | |
| 于永正经典课例评析.高年级阅读教学卷/魏本亚[等]著.-北京:语文出版社,2016.07(2019.05) |
| 20, 329页;24cm.-(真语文书系).-(真语文系列丛书/王旭明主编) |
| 国家宣传文化发展专项资金项目 |
| ISBN 978-7-5187-0330-2:CNY39.00 |
| 本书包括《海洋——21世纪的希望》课堂实录与评析、《高粱情》课堂实录与评析、《高尔基和他的儿子》课堂实录与评析、《林冲棒打洪教头》课堂实录与评析等内容。 |
| ● |
| 相关链接 |
|
|
|
|
正题名:于永正经典课例评析
索取号:G623.202/1038
 
预约/预借
| 序号 | 登录号 | 条形码 | 馆藏地/架位号 | 状态 | 备注 |
| 1 | 1256016 | 212560165 | 第一样本阅览室/ [索取号:G623.202/1038] | 在馆 | |
| 2 | 1256017 | 212560174 | 教育系资料室/ [索取号:G623.202/1038] | 在馆 | |
| 3 | 1256018 | 212560183 | 教育系资料室/ [索取号:G623.202/1038] | 在馆 | |
| 4 | 1256019 | 212560192 | 第四借阅区/ [索取号:G623.202/1038] | 在馆 | |
| 5 | 1256020 | 212560209 | 第四借阅区/ [索取号:G623.202/1038] | 在馆 |